Law's Empire

Kaydedildi:
Detaylı Bibliyografya
Yazar: Dworkin, Ronald (Yazar)
Materyal Türü: Kitap
Dil:İngilizce
Baskı/Yayın Bilgisi: Cambridge Harvard University Press 1986
Konular:
Etiketler: Etiketle
Etiket eklenmemiş, İlk siz ekleyin!

MARC

LEADER 00000nam a2200000 a 4500
001 UCJ9269
003 CL-VaPUC
008 070309e19860000us |||||||||||||||||eng|d
020 |a 0674518365 
082 0 4 |a 340.1  |b DWO  |2 21 
100 |a Dworkin, Ronald   |e author  |9 257913 
245 1 0 |a Law's Empire 
300 |a 470 p 
942 |c BK 
945 |d 20070309 00:00:00  |a lvergara 
260 |a Cambridge  |b Harvard University Press  |c 1986 
600 0 |a Dworkin, Ronald   |9 257913 
650 0 |a Filosofía del derecho   |9 255050 
650 7 |a DERECHO TEORIA  |2 CL-VaPUC  |9 519218 
650 0 |a Jurisprudencia  |9 255952 
650 0 |a Derecho consuetudinario  |9 256602 
999 |c 324847  |d 324845 
583 |k Rodrigo Vera 
952 |0 0  |1 0  |4 0  |6 340_100000000000000_DWO_1986  |7 0  |8 A  |9 405223  |a BIBDER  |b BIBDER  |d 2019-11-22  |i 4286839  |l 4  |m 1  |o 340.1 DWO 1986  |p 4286839  |r 2025-04-01  |s 2025-03-26  |w 2019-11-22  |y BK  |k DER